Countries By Continent Currencies Quiz #2 - Statistics

General Stats
  • This quiz has been taken 6 times
  • The average score is 6 of 12
Answer Stats
Hint Answer % Correct
Argentina Argentine Peso
83%
Brazil Brazilian Real
83%
Chile Chilean Peso
83%
Peru Peruvian Sol
67%
Bolivia Bolivian Boliviano
50%
Uruguay Uruguayan Peso
50%
Venezuela Venezuelan Boliviano
50%
Guyana Guyanese Dollar
33%
Paraguay Paraguayan Guarani
33%
Suriname Surinamese Dollar
33%
Ecuador United States Dollar
33%
Colombia Colombia Peso
17%
No matching quizzes found
Score Distribution
Percent of People with Each Score
Percentile by Number Answered
Your Score History
You have not taken this quiz